| 000 | 00670cam a2200253 4500 | ||
|---|---|---|---|
| 008 | 090401t1982 xxu||||| |||| 00| 0 eng d | ||
| 020 | _a0091479908 | ||
| 035 | _a(Sirsi) u7969 | ||
| 041 | _aeng | ||
| 050 | _a724.19 | ||
| 100 | _aWatkin, David | ||
| 245 | 4 | _aThe buildings of Britain Regency: A guide and gazetteer | |
| 260 |
_aLondon _bBarrie & Jenkins Ltd _c1982 |
||
| 300 | _a192p. ; 21cm. | ||
| 350 | _a0 | ||
| 490 | _aThe Buildings of Britain | ||
| 650 | _aARCHITECTURAL GUIDES | ||
| 650 | _aARCHITECTURE | ||
| 650 | _aGREAT BRITAIN | ||
| 650 | _aREGENCY ARCHITECTURE | ||
| 700 |
_aService, Alastair _xEditor |
||
| 942 | _n0 | ||
| 948 | _c04/03/1997 | ||
| 999 |
_c86465 _d86465 |
||